Professional linux programming

Main Author: Matthew
Published: Birmingham, UK: Wrox Press, 2000.
Series:Linux programming series
Subjects:
LEADER 00519cam a2200169 7i4500
001 0000017702
005 20011125090000.0
020 # 0 |a 1861003013  
090 0 0 |a QA 76.76   |b O63 M437 
100 1 # |a Matthew  
245 1 0 |a Professional linux programming   |c Neil Matthew and Richard Stones. 
260 # # |a Birmingham, UK:   |b Wrox Press,   |c 2000. 
300 # # |a 1155 p.:   |b ill.;   |c 24 cm. 
490 0 0 |a Linux programming series 
650 0 0 |a Linux  
650 0 0 |a Operating systems (Computers)  
999 |a 2000131162  |b Book  |c Open Shelf  |e KOLEKSI TERBUKA